LIBRARY & INFORMATION CENTRE, KCAET, TAVANUR

ONLINE PUBLIC ACCESS CATALOGUE (OPAC)

Text book on Surveying / (Record no. 3113)

MARC details
000 -LEADER
fixed length control field 00429cam a2200181ua 4500
082 ## - DEWEY DECIMAL CLASSIFICATION NUMBER
Classification number 624.1517
Item number HUS/TE
100 ## - MAIN ENTRY--AUTHOR NAME
Personal name Husain, S K.
245 ## - TITLE STATEMENT
Title Text book on Surveying /
250 ## - EDITION STATEMENT
Edition statement 1 /
260 ## - PUBLICATION, DISTRIBUTION, ETC. (IMPRINT)
Place of publication Allahabad :
Name of publisher Saroj Prakashan ,
Year of publication 1983.
300 ## - PHYSICAL DESCRIPTION
Number of Pages 342 ; .
700 1# - ADDED ENTRY--PERSONAL NAME
Personal name Nagraj, M S .
942 ## - ADDED ENTRY ELEMENTS (KOHA)
Koha item type Books
Holdings
Withdrawn status Lost status Damaged status Home library Current library Shelving location Date acquired Full call number Accession Number Koha item type
      KAUAET KAUAET Binding Shelf 07/04/2012 624.1517 17625 Books
free website counter